[Event "ODJM A 2022"]
[Site "Willingen GER"]
[Date "2022.06.09"]
[Round "7"]
[White "Gallasch, Robin"]
[Black "Zha, Kevin"]
[Result "1/2-1/2"]
[Termination "normal"]
[Board "19"]
[WhiteElo "2063"]
[BlackElo "1835"]
[WhiteClock "00:01:38"]
[BlackClock "00:01:17"]
[PlyCount "72"]
[WhiteFideId "16222423"]
[BlackFideId "16208951"]
[EventCountry "GER"]
[EventRounds "9"]
[EventType "swiss"]
[EventDate "2022.06.04"]

1. Nf3 {[%clk 1:30:52]} g6 {[%clk 1:30:55]} 2. d4 {[%clk 1:30:47]} Bg7 {[%clk
1:31:19]} 3. g3 {[%clk 1:30:19]} f5 {[%clk 1:31:41]} 4. Bg2 {[%clk 1:30:08]}
Nf6 {[%clk 1:32:06]} 5. O-O {[%clk 1:29:57]} d6 {[%clk 1:32:24]} 6. c4 {[%clk
1:23:57]} O-O {[%clk 1:32:34]} 7. b3 {[%clk 1:22:52]} Qe8 {[%clk 1:31:24]} 8.
Bb2 {[%clk 1:22:38]} Nbd7 {[%clk 1:21:48]} 9. Nc3 {[%clk 1:14:51]} c6 {[%clk
1:16:02]} 10. a4 {[%clk 0:55:50]} h6 {[%clk 0:52:24]} 11. a5 {[%clk 0:49:21]}
Rb8 {[%clk 0:46:53]} 12. Qc2 {[%clk 0:34:51]} Rf7 {[%clk 0:35:45]} 13. d5
{[%clk 0:31:44]} cxd5 {[%clk 0:26:56]} 14. cxd5 {[%clk 0:32:02]} Nc5 {[%clk
0:26:29]} 15. Nd2 {[%clk 0:22:37]} b5 {[%clk 0:22:36]} 16. axb6 {[%clk
0:20:12]} axb6 {[%clk 0:22:50]} 17. b4 {[%clk 0:20:28]} Na6 {[%clk 0:21:58]}
18. Qb3 {[%clk 0:20:53]} b5 {[%clk 0:15:34]} 19. Ra5 {[%clk 0:20:49]} e5 {[%clk
0:10:01]} 20. Rfa1 {[%clk 0:21:10]} Nc7 {[%clk 0:09:41]} 21. e4 {[%clk
0:11:34]} Bf8 {[%clk 0:08:02]} 22. Qd1 {[%clk 0:10:26]} Bd7 {[%clk 0:04:17]}
23. Qe2 {[%clk 0:07:22]} h5 {[%clk 0:03:14]} 24. Nf3 {[%clk 0:06:20]} Bh6
{[%clk 0:03:18]} 25. Nh4 {[%clk 0:06:30]} Kh7 {[%clk 0:03:32]} 26. exf5 {[%clk
0:04:13]} gxf5 {[%clk 0:03:50]} 27. Qc2 {[%clk 0:04:06]} e4 {[%clk 0:02:52]}
28. Nxe4 {[%clk 0:04:00]} Nxe4 {[%clk 0:01:33]} 29. Qxc7 {[%clk 0:04:23]} Rc8
{[%clk 0:01:49]} 30. Qb6 {[%clk 0:01:48]} Nxf2 {[%clk 0:01:51]} 31. Qxd6 {[%clk
0:01:42]} Re7 {[%clk 0:01:03]} 32. Ra6 {[%clk 0:01:11]} Re1+ {[%clk 0:00:58]}
33. Bf1 {[%clk 0:00:34]} Nh3+ {[%clk 0:00:47]} 34. Kh1 {[%clk 0:00:45]} Qe4+
{[%clk 0:00:41]} 35. Ng2 {[%clk 0:01:11]} Nf2+ {[%clk 0:00:57]} 36. Kg1 {[%clk
0:01:38]} Nh3+ {[%clk 0:01:17]} 1/2-1/2

[Event "ODJM A 2022"]
[Site "Willingen GER"]
[Date "2022.06.09"]
[Round "7"]
[White "Scherer, Josua"]
[Black "Brockmeyer, Tobias"]
[Result "0-1"]
[Termination "normal"]
[Board "20"]
[WhiteElo "1856"]
[BlackElo "1936"]
[WhiteClock "00:26:15"]
[BlackClock "00:03:24"]
[PlyCount "76"]
[WhiteFideId "16244486"]
[BlackFideId "12982385"]
[EventCountry "GER"]
[EventRounds "9"]
[EventType "swiss"]
[EventDate "2022.06.04"]

1. e4 {[%clk 1:30:57]} e6 {[%clk 1:30:59]} 2. d4 {[%clk 1:31:18]} d5 {[%clk
1:31:28]} 3. Nd2 {[%clk 1:31:32]} c5 {[%clk 1:31:53]} 4. exd5 {[%clk 1:31:58]}
Qxd5 {[%clk 1:32:18]} 5. Ngf3 {[%clk 1:32:22]} cxd4 {[%clk 1:32:44]} 6. Bc4
{[%clk 1:32:32]} Qd7 {[%clk 1:33:13]} 7. O-O {[%clk 1:31:39]} Nf6 {[%clk
1:33:41]} 8. Nb3 {[%clk 1:31:31]} Nc6 {[%clk 1:34:09]} 9. Re1 {[%clk 1:30:50]}
Bb4 {[%clk 1:29:07]} 10. Bd2 {[%clk 1:29:43]} Bxd2 {[%clk 1:28:06]} 11. Qxd2
{[%clk 1:28:04]} O-O {[%clk 1:27:34]} 12. Rad1 {[%clk 1:12:06]} Qc7 {[%clk
1:20:35]} 13. Nbxd4 {[%clk 1:08:50]} Nxd4 {[%clk 1:21:02]} 14. Qxd4 {[%clk
1:09:02]} Bd7 {[%clk 1:19:20]} 15. Bb3 {[%clk 0:58:13]} Bc6 {[%clk 1:13:49]}
16. Qe5 {[%clk 0:50:43]} Rac8 {[%clk 1:07:43]} 17. Qxc7 {[%clk 0:45:39]} Rxc7
{[%clk 1:05:40]} 18. Ne5 {[%clk 0:45:26]} Bd5 {[%clk 1:03:07]} 19. c4 {[%clk
0:40:35]} Bc6 {[%clk 1:02:57]} 20. Rd6 {[%clk 0:40:52]} Rfc8 {[%clk 1:00:54]}
21. Red1 {[%clk 0:39:41]} Kf8 {[%clk 0:56:59]} 22. f3 {[%clk 0:38:53]} Ke7
{[%clk 0:52:15]} 23. Kf2 {[%clk 0:38:16]} a5 {[%clk 0:34:40]} 24. R1d2 {[%clk
0:34:57]} a4 {[%clk 0:15:50]} 25. Bd1 {[%clk 0:33:18]} Bd5 {[%clk 0:13:12]} 26.
R6xd5 {[%clk 0:30:20]} exd5 {[%clk 0:12:59]} 27. cxd5 {[%clk 0:27:18]} Kd6
{[%clk 0:10:53]} 28. Nd3 {[%clk 0:26:07]} Rc4 {[%clk 0:09:13]} 29. b3 {[%clk
0:25:26]} axb3 {[%clk 0:09:12]} 30. Bxb3 {[%clk 0:25:54]} R4c7 {[%clk 0:07:29]}
31. Nb4 {[%clk 0:25:30]} Nd7 {[%clk 0:07:16]} 32. Nc2 {[%clk 0:23:42]} Nc5
{[%clk 0:05:17]} 33. Bc4 {[%clk 0:24:11]} Ne4+ {[%clk 0:03:07]} 34. fxe4 {[%clk
0:24:39]} Rxc4 {[%clk 0:03:37]} 35. Nd4 {[%clk 0:25:08]} Ke5 {[%clk 0:03:03]}
36. Ke3 {[%clk 0:25:19]} Rc3+ {[%clk 0:02:58]} 37. Rd3 {[%clk 0:25:47]} Rxd3+
{[%clk 0:02:56]} 38. Kxd3 {[%clk 0:26:15]} Ra8 {[%clk 0:03:24]} 0-1

[Event "ODJM A 2022"]
[Site "Willingen GER"]
[Date "2022.06.09"]
[Round "7"]
[White "Bartelt, Max Peter"]
[Black "Schwartz, Oliver"]
[Result "0-1"]
[Termination "normal"]
[Board "23"]
[WhiteElo "1959"]
[BlackElo "1753"]
[PlyCount "44"]
[WhiteFideId "12967289"]
[BlackFideId "16207459"]
[EventCountry "GER"]
[EventRounds "9"]
[EventType "swiss"]
[EventDate "2022.06.04"]

1. Nf3 Nf6 2. Rg1 d5 3. h3 c5 4. g4 Nc6 5. d3 e6 6. g5 Nd7 7. Nc3 Nb6 8. e4 Bd7
9. Bd2 Rc8 10. h4 d4 11. Ne2 c4 12. Nc1 Na4 13. Rb1 Qb6 14. c3 Nxc3 15. Bxc3
dxc3 16. Qc2 Nb4 17. Qxc3 cxd3 18. Qd2 Rc2 19. Qe3 Bc5 20. Bxd3 Bxe3 21. Bxc2
Bxf2+ 22. Kf1 Nxc2 0-1

[Event "ODJM A 2022"]
[Site "Willingen GER"]
[Date "2022.06.09"]
[Round "7"]
[White "Kamp, Adrian"]
[Black "Kesselmeier, Kevin"]
[Result "1-0"]
[Termination "normal"]
[Board "24"]
[WhiteElo "1969"]
[BlackElo "1927"]
[PlyCount "93"]
[WhiteFideId "16222466"]
[BlackFideId "16217551"]
[EventCountry "GER"]
[EventRounds "9"]
[EventType "swiss"]
[EventDate "2022.06.04"]

1. e4 c5 2. d4 cxd4 3. c3 dxc3 4. Nxc3 Nc6 5. Nf3 d6 6. Bc4 e6 7. O-O Be7 8.
Qe2 Nf6 9. Rd1 e5 10. Be3 O-O 11. Rac1 Be6 12. b4 a6 13. a3 Ng4 14. Bxe6 fxe6
15. Qa2 Rf6 16. Na4 Qe8 17. Nb6 Nxe3 18. fxe3 Rd8 19. Qc4 Qg6 20. Kh1 Qh5 21.
Rd2 Rh6 22. Rf1 g5 23. g3 Qg4 24. Rdf2 Rf6 25. Kg2 Qh5 26. Ne1 Rdf8 27. Rxf6
Rxf6 28. Rxf6 Bxf6 29. Qxe6+ Kg7 30. g4 Qg6 31. Qd5 Bd8 32. Nc4 Ne7 33. Qd3 Bc7
34. Nf3 d5 35. Ncd2 h6 36. h3 Nc6 37. Qxd5 Bb8 38. Nc4 Qf7 39. Qd3 Qe6 40. Nb6
Ne7 41. Qd8 Bd6 42. Nc4 Qxc4 43. Qxd6 Ng6 44. Qxg6+ Kf8 45. Qxh6+ Ke8 46. Qh8+
Ke7 47. Qxe5+ 1-0

[Event "ODJM A 2022"]
[Site "Willingen GER"]
[Date "2022.06.09"]
[Round "7"]
[White "Paeslack, Luis"]
[Black "Garbuz, Nicole"]
[Result "1-0"]
[Termination "normal"]
[Board "25"]
[WhiteElo "1889"]
[BlackElo "1824"]
[PlyCount "83"]
[WhiteFideId "12987760"]
[BlackFideId "12990701"]
[EventCountry "GER"]
[EventRounds "9"]
[EventType "swiss"]
[EventDate "2022.06.04"]

1. d4 d5 2. c4 e6 3. Nc3 Nf6 4. cxd5 exd5 5. Bg5 Be7 6. e3 c6 7. Bd3 Nbd7 8.
Qc2 O-O 9. Nf3 Re8 10. O-O Nf8 11. h3 Be6 12. Rab1 a5 13. a3 N6d7 14. Bxe7 Qxe7
15. b4 axb4 16. axb4 b5 17. Ne2 Rec8 18. Rfc1 Nb6 19. Qc5 Qb7 20. Ne5 Nc4 21.
Nf4 f6 22. Nxc4 bxc4 23. Bc2 Qb5 24. Nxe6 Nxe6 25. Qd6 Nf8 26. Bf5 Rd8 27. Qe7
Re8 28. Qd6 Red8 29. Qc7 Rdb8 30. Ra1 Rxa1 31. Rxa1 Qb7 32. Qd6 Ra8 33. Rc1 Rb8
34. Rb1 Ra8 35. e4 Rb8 36. exd5 cxd5 37. b5 Ra8 38. b6 Re8 39. Ra1 Rb8 40. Ra7
Qxb6 41. Qxd5+ Kh8 42. Qf7 1-0

[Event "ODJM A 2022"]
[Site "Willingen GER"]
[Date "2022.06.09"]
[Round "7"]
[White "Kamp, Aaron"]
[Black "Seitz, Manuel"]
[Result "1/2-1/2"]
[Termination "normal"]
[Board "26"]
[WhiteElo "1790"]
[BlackElo "1794"]
[PlyCount "44"]
[WhiteFideId "16231120"]
[BlackFideId "16215770"]
[EventCountry "GER"]
[EventRounds "9"]
[EventType "swiss"]
[EventDate "2022.06.04"]

1. e4 e5 2. d4 exd4 3. Nf3 Bb4+ 4. Nbd2 Nc6 5. Bd3 Nge7 6. O-O d5 7. exd5 Nxd5
8. Nb3 O-O 9. a3 Be7 10. Nbxd4 Nxd4 11. Nxd4 h6 12. Qf3 Nf6 13. Nf5 Bxf5 14.
Bxf5 Qd5 15. Qxd5 Nxd5 16. Be4 c6 17. Bxd5 cxd5 18. Be3 b6 19. Rad1 Rfd8 20.
Rd3 Rd7 21. Rfd1 Rad8 22. Bd4 Bd6 1/2-1/2

[Event "ODJM A 2022"]
[Site "Willingen GER"]
[Date "2022.06.09"]
[Round "7"]
[White "Fock, Amina"]
[Black "Özdemir, Edwin-Daniel"]
[Result "1-0"]
[Termination "normal"]
[Board "27"]
[WhiteElo "1790"]
[BlackElo "1718"]
[PlyCount "87"]
[WhiteFideId "12981982"]
[BlackFideId "12919055"]
[EventCountry "GER"]
[EventRounds "9"]
[EventType "swiss"]
[EventDate "2022.06.04"]

1. e4 g6 2. d4 Bg7 3. Nc3 e6 4. f4 Ne7 5. Nf3 b6 6. Bd3 Bb7 7. O-O O-O 8. f5 d5
9. fxe6 fxe6 10. e5 Na6 11. Bg5 Qd7 12. Qd2 c5 13. Nb5 cxd4 14. Nbxd4 Nc5 15.
Bb5 Nc6 16. Qe3 a6 17. Bxc6 Bxc6 18. Nxc6 Qxc6 19. Nd4 Qd7 20. Nf3 Rac8 21. c3
b5 22. Rad1 Ne4 23. Bh6 Qc7 24. Bxg7 Kxg7 25. Rfe1 Rf5 26. Qd4 Rcf8 27. a4 g5
28. axb5 axb5 29. Ra1 R8f7 30. h3 h5 31. Ra6 g4 32. hxg4 hxg4 33. Nd2 Nf2 34.
Rxe6 Rh5 35. Nf3 gxf3 36. Qxf2 Rg5 37. g3 Qc8 38. Rf6 Rxf6 39. exf6+ Kf7 40.
Qa7+ Kxf6 41. Qe7+ Kg6 42. Re6+ Kf5 43. Qf7+ Kg4 44. Qf4+ 1-0

[Event "ODJM A 2022"]
[Site "Willingen GER"]
[Date "2022.06.09"]
[Round "7"]
[White "Matthes, Benjamin"]
[Black "Heß, Wadim"]
[Result "1-0"]
[Termination "normal"]
[Board "28"]
[WhiteElo "1851"]
[BlackElo "1374"]
[PlyCount "133"]
[WhiteFideId "16227298"]
[BlackFideId "16266129"]
[EventCountry "GER"]
[EventRounds "9"]
[EventType "swiss"]
[EventDate "2022.06.04"]

1. e4 c5 2. Nf3 e6 3. b4 cxb4 4. a3 d5 5. e5 Nc6 6. axb4 Bxb4 7. c3 Ba5 8. d4
Nge7 9. Bd3 Bd7 10. O-O Rc8 11. Bd2 O-O 12. Bxh7+ Kh8 13. Bd3 Nf5 14. Ng5 g6
15. Qf3 Kg7 16. Bxf5 Nxd4 17. cxd4 Bxd2 18. Ne4 dxe4 19. Bxe4 Ba5 20. Qf6+ Kg8
21. Qxd8 Bxd8 22. Rxa7 Bc6 23. Bxc6 Rxc6 24. Rxb7 Bb6 25. Rd7 Rc4 26. d5 exd5
27. Rxd5 Ra8 28. Nd2 Rc2 29. Ne4 Ra4 30. Nf6+ Kg7 31. g3 Re2 32. h3 Ra3 33. Kg2
Rae3 34. Ng4 Re4 35. Rb1 Rd4 36. Rxd4 Bxd4 37. Kf3 Ra2 38. Rb7 Ra6 39. Rd7 Bc3
40. Rd6 Ra7 41. e6 fxe6 42. Rxe6 Rf7+ 43. Kg2 Bd4 44. f4 Bc3 45. Ne5 Rf6 46.
Rxf6 Kxf6 47. Kf3 Kf5 48. Ng4 Bd4 49. Ne3+ Kf6 50. Ke4 Bc5 51. g4 Ba7 52. h4
Kg7 53. Kf3 Bc5 54. Nf1 Kh6 55. Ng3 Be7 56. h5 Bf8 57. g5+ Kg7 58. hxg6 Kxg6
59. Kg4 Bg7 60. Nh5 Bc3 61. f5+ Kh7 62. f6 Kg6 63. Nf4+ Kf7 64. Kf5 Bb2 65. Ne6
Kg8 66. g6 Ba3 67. f7+ 1-0